000 00441nam a2200181Ia 4500
001 20935
005 20260306172842.0
008 260306t1995||||xx |||||||||||||| ||spa||
041 _aESP
082 _a343.8C5
_bL25
100 _aLara Márquez, Jaime
_eAUT
245 0 _aÍndice analítico del código tributario
260 _c1995
300 _a275 páginas :
_c21 cm.
650 _aGEN
654 _aCCO
942 _cLIB
_dJUS
_fJUS
_2ddc
_n
999 _c20935
_d20935